Religions au Canada - Statistiques

Statistiques générales
  • Ce quiz a été pris 76 fois
  • Le résultat moyen est 3 sur 5
Statistiques - réponses
% Religions % Correct
66,4 Christianisme
93%
2,8 Islam
88%
24,5 Athéisme
54%
1,7 Hindouisme
32%
1,2 Sikhisme
12%
Aucun quiz correspondant
Distribution des résultats
% des personnes avec chaque résultat
Percentile par nombre de réponses
Votre historique - résultats
Vous n’avez pas pris ce quiz